[Event "Sharjah op rapid"]
[Site "Sharjah"]
[Date "2014.07.07"]
[Round "6"]
[White "Al Hammadi, Fatima Hussein"]
[Black "Walid, Anwar"]
[Result "0-1"]
[WhiteElo "1590"]
[BlackElo "1904"]
[PlyCount "52"]
[EventDate "2014.07.05"]
[EventType "swiss (rapid)"]
[EventRounds "9"]
[EventCountry "UAE"]
[SourceTitle "CBM 161 Extra"]
[Source "ChessBase"]
[SourceDate "2014.08.29"]
[SourceVersion "1"]
[SourceVersionDate "2014.08.29"]
[SourceQuality "1"]

1. e4 e5 2. Nf3 Nf6 3. Nc3 Bb4 4. Nxe5 0-0 5. Bc4 Qe7 6. Bxf7+ Rxf7 7. Nxf7 Qxf7 8. d3 d6 9. 0-0 Nc6 10. Be3 Bg4 11. f3 Bd7 12. Qe1 d5 13. d4 Qg6 14. e5 Bh3 15. Rf2 Nd7 16. Qe2 Nb6 17. Nd1 Nc4 18. c3 Be7 19. Bf4 Bh4 20. Rf1 Rf8 21. Be3 Ne7 22. Kh1 Be6 23. Bf2 Bxf2 24. Rxf2 Nf5 25. Qc2 Qh6 26. Qe2 Ng3+ 0-1

[Event "Prague Golden op 9th"]
[Site "Prague"]
[Date "2013.06.27"]
[Round "6"]
[White "Walid, Anwar"]
[Black "Postupa, Pavel"]
[Result "1/2-1/2"]
[WhiteElo "1887"]
[BlackElo "2229"]
[PlyCount "155"]
[EventDate "2013.06.23"]
[EventType "swiss"]
[EventRounds "9"]
[EventCountry "CZE"]
[SourceTitle "CBM 155 Extra"]
[Source "ChessBase"]
[SourceDate "2013.08.26"]
[SourceVersion "1"]
[SourceVersionDate "2013.08.26"]
[SourceQuality "1"]

1. d4 Nf6 2. c4 g6 3. Nc3 d5 4. e3 Bg7 5. cxd5 Nxd5 6. Nxd5 Qxd5 7. Ne2 0-0 8. Nc3 Qd8 9. Be2 c5 10. d5 e6 11. e4 exd5 12. exd5 b6 13. 0-0 Bb7 14. Qb3 Nd7 15. Be3 Bd4 16. Bxd4 cxd4 17. Nb5 Nc5 18. Qc4 Bxd5 19. Qxd4 Qg5 20. Qg4 Qxg4 21. Bxg4 Bc4 22. Nc7 Rad8 23. Rfc1 Rd4 24. Bf3 Rc8 25. b3 Rxc7 26. Rxc4 Rxc4 27. bxc4 Nd3 28. Be2 Ne5 29. Rc1 Rc5 30. f4 Nc6 31. Rd1 Ra5 32. Bf3 Nb4 33. Rb1 Nxa2 34. Rb3 Nc1 35. Re3 Kf8 36. Bd5 Ra1 37. Kf2 a5 38. f5 gxf5 39. Rf3 f4 40. g3 a4 41. Kg2 a3 42. c5 bxc5 43. Rxf4 a2 44. Rxf7+ Ke8 45. Rf2 Ke7 46. Kh3 Kd6 47. Bg8 h6 48. Kh4 Ke5 49. Kh5 Rb1 50. Bxa2 Nxa2 51. Rxa2 Rb6 52. Ra8 Rc6 53. g4 c4 54. Re8+ Kf4 55. Rf8+ Ke4 56. h4 c3 57. Rf1 c2 58. Rc1 Kf4 59. g5 hxg5 60. hxg5 Rc5 61. Rf1+ Ke5 62. Re1+ Kf5 63. Rf1+ Ke6 64. Rc1 Rc4 65. Re1+ Kf7 66. Rf1+ Kg8 67. Rc1 Kg7 68. g6 Kf6 69. Rf1+ Kg7 70. Rc1 Kg8 71. Kg5 Kg7 72. Kf5 Kh6 73. Rh1+ Kg7 74. Rc1 Rc8 75. Ke4 Kxg6 76. Kd3 Kf5 77. Rxc2 Rxc2 78. Kxc2 1/2-1/2

[Event "Asia U20 op"]
[Site "Sharjah"]
[Date "2013.04.02"]
[Round "5"]
[White "Walid, Anwar"]
[Black "Al Takrori, Husam"]
[Result "1/2-1/2"]
[WhiteElo "1892"]
[BlackElo "2021"]
[PlyCount "34"]
[EventDate "2013.03.30"]
[EventType "swiss"]
[EventRounds "9"]
[EventCountry "UAE"]
[SourceTitle "CBM 153 Extra"]
[Source "ChessBase"]
[SourceDate "2013.04.22"]
[SourceVersion "1"]
[SourceVersionDate "2013.04.22"]
[SourceQuality "1"]

1. d4 Nf6 2. Nf3 e6 3. c4 Bb4+ 4. Nbd2 d5 5. Qa4+ Nc6 6. e3 0-0 7. a3 Bxd2+ 8. Bxd2 Ne4 9. Qc2 Nxd2 10. Qxd2 a5 11. Rc1 a4 12. cxd5 Na5 13. Qc3 Nb3 14. Rc2 Na1 15. Rc1 Nb3 16. Rc2 Na1 17. Rc1 Nb3 1/2-1/2

[Event "Asia U20 op"]
[Site "Sharjah"]
[Date "2013.04.01"]
[Round "3"]
[White "Walid, Anwar"]
[Black "Mukashev, Assan"]
[Result "0-1"]
[WhiteElo "1892"]
[BlackElo "2256"]
[PlyCount "76"]
[EventDate "2013.03.30"]
[EventType "swiss"]
[EventRounds "9"]
[EventCountry "UAE"]
[SourceTitle "CBM 153 Extra"]
[Source "ChessBase"]
[SourceDate "2013.04.22"]
[SourceVersion "1"]
[SourceVersionDate "2013.04.22"]
[SourceQuality "1"]

1. d4 Nf6 2. c4 g6 3. Nc3 d5 4. e3 Bg7 5. cxd5 Nxd5 6. Nxd5 Qxd5 7. Ne2 Qd8 8. Nc3 0-0 9. Be2 c5 10. d5 a6 11. a4 b6 12. 0-0 Nd7 13. e4 Ra7 14. Bg5 h6 15. Bh4 g5 16. Bg3 f5 17. exf5 Ne5 18. f4 gxf4 19. Rxf4 Bxf5 20. Qf1 Qc8 21. Kh1 Ng6 22. Rf3 h5 23. Bd3 Bxd3 24. Rxf8+ Nxf8 25. Qxd3 Nh7 26. Rf1 Nf6 27. Ne4 Nxe4 28. Qxe4 Qg4 29. Qxg4 hxg4 30. b3 Rd7 31. Rd1 Bd4 32. Re1 Kf7 33. Re4 Rxd5 34. Rxg4 Bf6 35. h4 Rd3 36. h5 Rxb3 37. Bf2 Rb4 38. Rg3 Rh4+ 0-1

[Event "World ol U16 11th"]
[Site "Istanbul"]
[Date "2012.09.01"]
[Round "6.18"]
[White "Walid, Anwar"]
[Black "Lee Kah Meng, Elgin"]
[Result "0-1"]
[WhiteElo "1893"]
[BlackElo "2000"]
[PlyCount "81"]
[EventDate "2012.08.29"]
[EventType "team-swiss"]
[EventRounds "10"]
[EventCountry "TUR"]
[SourceTitle "CBM 150 Extra"]
[Source "ChessBase"]
[SourceDate "2012.10.19"]
[SourceVersion "1"]
[SourceVersionDate "2012.10.19"]
[SourceQuality "1"]
[WhiteTeam "United Arab Emirates (U16)"]
[BlackTeam "Malaysia (U16)"]
[WhiteTeamCountry "UAE"]
[BlackTeamCountry "MAS"]

1. d4 d5 2. c4 c6 3. Nf3 Nf6 4. e3 e6 5. b3 Bb4+ 6. Nbd2 0-0 7. Bd3 Ne4 8. 0-0 f5 9. Qc2 Nd7 10. a3 Bd6 11. Bb2 Qf6 12. b4 g5 13. g3 Kh8 14. Rfc1 Qg7 15. Nf1 h5 16. b5 g4 17. Nh4 Ndf6 18. Bxe4 Nxe4 19. a4 Bd7 20. Rab1 Rfc8 21. Qb3 Kh7 22. cxd5 cxd5 23. Ba3 Qe7 24. Bxd6 Qxd6 25. Ng2 Rc7 26. Nf4 Kh6 27. Nd3 Rac8 28. Rxc7 Rxc7 29. Ne5 Kg7 30. Qb2 Nc3 31. Ra1 a6 32. bxa6 bxa6 33. a5 Bb5 34. Nd2 Qd8 35. Nb3 Qc8 36. Nc5 Ne4 37. Rc1 Kg8 38. Ncd3 Nc3 39. Ng6 Ne2+ 40. Kg2 Nxc1 41. Nge5 0-1

[Event "World ol U16 11th"]
[Site "Istanbul"]
[Date "2012.08.29"]
[Round "1.10"]
[White "Walid, Anwar"]
[Black "Stremavicius, Titas"]
[Result "0-1"]
[WhiteElo "1893"]
[BlackElo "2195"]
[PlyCount "50"]
[EventDate "2012.08.29"]
[EventType "team-swiss"]
[EventRounds "10"]
[EventCountry "TUR"]
[SourceTitle "CBM 150 Extra"]
[Source "ChessBase"]
[SourceDate "2012.10.19"]
[SourceVersion "1"]
[SourceVersionDate "2012.10.19"]
[SourceQuality "1"]
[WhiteTeam "United Arab Emirates (U16)"]
[BlackTeam "Lithuania (U16)"]
[WhiteTeamCountry "UAE"]
[BlackTeamCountry "LTU"]

1. d4 f5 2. c4 Nf6 3. Nc3 e6 4. g3 Bb4 5. Bg2 c5 6. d5 Bxc3+ 7. bxc3 e5 8. d6 Qa5 9. Qc2 0-0 10. Bb2 e4 11. Qb3 Nc6 12. 0-0-0 Ne5 13. Bf1 b6 14. e3 Bb7 15. Nh3 Bc6 16. Qa3 Qxa3 17. Bxa3 Nfg4 18. Be2 Nd3+ 19. Bxd3 exd3 20. Rhg1 Ne5 21. Bb2 Nf3 22. Rxd3 Nxg1 23. Nxg1 Rf6 24. Ne2 g5 25. Kc2 Be4 0-1

[Event "UAE President Cup"]
[Site "Abu Dhabi"]
[Date "2012.07.02"]
[Round "6"]
[White "Ahmed, Fayez"]
[Black "Walid, Anwar"]
[Result "1/2-1/2"]
[WhiteElo "1913"]
[BlackElo "1877"]
[PlyCount "92"]
[EventDate "2012.06.28"]
[EventType "swiss"]
[EventRounds "9"]
[EventCountry "UAE"]
[SourceTitle "CBM 149 Extra"]
[Source "ChessBase"]
[SourceDate "2012.08.24"]
[SourceVersion "1"]
[SourceVersionDate "2012.08.24"]
[SourceQuality "1"]

1. e4 c6 2. d4 d5 3. e5 Bf5 4. Nf3 e6 5. c3 Nd7 6. Nbd2 c5 7. Nb3 Ne7 8. Bb5 Nc6 9. dxc5 Qc7 10. 0-0 Nxc5 11. Nbd4 Bg6 12. Bf4 Be7 13. b4 Ne4 14. Rc1 0-0 15. Bxc6 bxc6 16. c4 Qb6 17. cxd5 cxd5 18. Nc6 Bxb4 19. Be3 Bc5 20. Ne7+ Kh8 21. Bxc5 Nxc5 22. Nxg6+ hxg6 23. Ng5 Ne4 24. Nxe4 dxe4 25. Qg4 e3 26. Qh3+ Kg8 27. Qxe3 Qxe3 28. fxe3 Rac8 29. Kf2 Rfd8 30. Ke2 Rb8 31. Rb1 Rdc8 32. Rxb8 Rxb8 33. Kf3 Rb2 34. Rf2 Rxf2+ 35. Kxf2 Kf8 36. e4 Ke7 37. Ke3 Kd7 38. h4 Kc6 39. Kd4 Kb5 40. g3 a5 41. Kc3 Kc5 42. a4 Kb6 43. Kd4 Kc6 44. g4 Kb6 45. h5 gxh5 46. gxh5 Kc6 1/2-1/2

[Event "UAE President Cup"]
[Site "Abu Dhabi"]
[Date "2012.06.30"]
[Round "3"]
[White "Walid, Anwar"]
[Black "Ali, Mahmoud"]
[Result "0-1"]
[WhiteElo "1877"]
[BlackElo "2100"]
[PlyCount "80"]
[EventDate "2012.06.28"]
[EventType "swiss"]
[EventRounds "9"]
[EventCountry "UAE"]
[SourceTitle "CBM 149 Extra"]
[Source "ChessBase"]
[SourceDate "2012.08.24"]
[SourceVersion "1"]
[SourceVersionDate "2012.08.24"]
[SourceQuality "1"]

1. d4 Nf6 2. Nf3 e6 3. c4 b6 4. a3 Bb7 5. Nc3 d5 6. Qc2 Nbd7 7. cxd5 exd5 8. Bf4 a6 9. e3 Rc8 10. Bd3 c5 11. 0-0 c4 12. Bf5 b5 13. Ne5 Ra8 14. Bg5 Qc7 15. f4 h6 16. Bh4 Bd6 17. Bg6 0-0 18. Bf5 Rfe8 19. Rf3 Be7 20. Raf1 Nf8 21. Bxf6 Bxf6 22. Rh3 Rad8 23. Qe2 Ne6 24. Qg4 Kf8 25. Bxe6 Rxe6 26. Qh5 Rb6 27. g4 Bc8 28. Rhf3 Be6 29. g5 hxg5 30. Ng4 Bxg4 31. Qxg4 gxf4 32. Rxf4 a5 33. Qh5 Qd7 34. Qf3 b4 35. axb4 axb4 36. Ne2 Qe6 37. Rf5 Re8 38. Qxd5 Qxd5 39. Rxd5 Rxe3 40. Nf4 Re4 0-1

[Event "UAE President Cup"]
[Site "Abu Dhabi"]
[Date "2012.06.30"]
[Round "4"]
[White "Zayed, Ali Al Hamed"]
[Black "Walid, Anwar"]
[Result "1/2-1/2"]
[WhiteElo "1982"]
[BlackElo "1877"]
[PlyCount "53"]
[EventDate "2012.06.28"]
[EventType "swiss"]
[EventRounds "9"]
[EventCountry "UAE"]
[SourceTitle "CBM 149 Extra"]
[Source "ChessBase"]
[SourceDate "2012.08.24"]
[SourceVersion "1"]
[SourceVersionDate "2012.08.24"]
[SourceQuality "1"]

1. e4 c6 2. Nc3 d5 3. Nf3 Bg4 4. h3 Bxf3 5. Qxf3 e6 6. d4 Nf6 7. Bg5 Be7 8. Rd1 dxe4 9. Qe2 Nbd7 10. Bxf6 Nxf6 11. Nxe4 Qa5+ 12. Nc3 Bb4 13. Qc4 0-0 14. a3 Bxc3+ 15. Qxc3 Qxc3+ 16. bxc3 c5 17. Bd3 Rac8 18. 0-0 Rfd8 19. dxc5 Kf8 20. Rb1 Rd7 21. c6 bxc6 22. Rb3 c5 23. c4 Kg8 24. Kh1 Kf8 25. Kg1 Kg8 26. Kh1 Kf8 27. Kg1 1/2-1/2

[Event "World ol U16 10th"]
[Site "Kocaeli"]
[Date "2011.10.31"]
[Round "10.13"]
[White "Walid, Anwar"]
[Black "Rindlisbacher, Lars"]
[Result "0-1"]
[WhiteElo "1833"]
[BlackElo "2217"]
[PlyCount "98"]
[EventDate "2011.10.24"]
[EventType "team-swiss"]
[EventRounds "10"]
[EventCountry "TUR"]
[SourceTitle "EXT 2012"]
[Source "ChessBase"]
[SourceDate "2011.11.24"]
[SourceVersion "1"]
[SourceVersionDate "2011.11.24"]
[SourceQuality "1"]
[WhiteTeam "United Arab Emirates"]
[BlackTeam "Switzerland"]
[WhiteTeamCountry "UAE"]
[BlackTeamCountry "SUI"]

1. d4 Nf6 2. Bg5 Ne4 3. Bf4 c5 4. f3 Qa5+ 5. c3 Nf6 6. Nd2 cxd4 7. Nb3 Qb6 8. Qxd4 Nc6 9. Qxb6 axb6 10. Nd4 e5 11. Nxc6 exf4 12. Nd4 Nd5 13. e4 fxe3 14. Bc4 Nc7 15. Nc2 b5 16. Bd3 Bc5 17. Ne2 0-0 18. Ned4 b4 19. Nb3 Bb6 20. Nxb4 d6 21. Ke2 Re8 22. Be4 Be6 23. Rhd1 Rad8 24. Bd5 Bc5 25. Bxe6 Nxe6 26. Nd5 Ba7 27. Nc1 f5 28. Nd3 Kf7 29. h4 g6 30. N3f4 Nc5 31. Nc7 Re5 32. Nb5 Bb8 33. c4 Ne6 34. Nd5 Re8 35. g3 f4 36. g4 Rc8 37. b3 h6 38. Nb4 Rxb5 39. cxb5 Ba7 40. Rac1 Rxc1 41. Rxc1 Nd4+ 42. Kd3 Nxf3 43. Rc7+ Ke6 44. Rxb7 Ne5+ 45. Ke2 f3+ 46. Ke1 Bc5 47. Nc2 Nd3+ 48. Kd1 e2+ 49. Kd2 Nf4 0-1

[Event "UAE-ch"]
[Site "Abu Dhabi"]
[Date "2011.07.01"]
[Round "8"]
[White "Walid, Anwar"]
[Black "Mansour, Abbas Khoori"]
[Result "1/2-1/2"]
[WhiteElo "1775"]
[BlackElo "1953"]
[PlyCount "54"]
[EventDate "2011.06.25"]
[EventType "swiss"]
[EventRounds "9"]
[EventCountry "UAE"]
[SourceTitle "CBM 143 Extra"]
[Source "ChessBase"]
[SourceDate "2011.08.29"]
[SourceVersion "1"]
[SourceVersionDate "2011.08.29"]
[SourceQuality "1"]

1. d4 d5 2. Nf3 Nf6 3. c4 e6 4. Nc3 b6 5. Bg5 Bb7 6. cxd5 exd5 7. e3 Be7 8. Bd3 Nbd7 9. Qc2 h6 10. Bh4 a6 11. 0-0 0-0 12. Rac1 Rc8 13. Bf5 Rb8 14. Ne5 Nxe5 15. dxe5 Nd7 16. Bg3 Nc5 17. Rfd1 c6 18. e6 Nxe6 19. Bxb8 Qxb8 20. Ne2 c5 21. Ng3 Rd8 22. Rd2 Bg5 23. f4 Be7 24. Bh7+ Kh8 25. Bf5 Kg8 26. Bh7+ Kh8 27. Bf5 Kg8 1/2-1/2

[Event "UAE-ch"]
[Site "Abu Dhabi"]
[Date "2011.06.30"]
[Round "7"]
[White "Abdulla, Ali Al Hamed"]
[Black "Walid, Anwar"]
[Result "0-1"]
[WhiteElo "1669"]
[BlackElo "1775"]
[PlyCount "38"]
[EventDate "2011.06.25"]
[EventType "swiss"]
[EventRounds "9"]
[EventCountry "UAE"]
[SourceTitle "CBM 143 Extra"]
[Source "ChessBase"]
[SourceDate "2011.08.29"]
[SourceVersion "1"]
[SourceVersionDate "2011.08.29"]
[SourceQuality "1"]

1. e4 c6 2. d4 d5 3. Nc3 dxe4 4. Nxe4 Nd7 5. Nf3 Ngf6 6. Nxf6+ Nxf6 7. Bc4 Bf5 8. 0-0 e6 9. Bg5 Be7 10. Re1 0-0 11. Bb3 Qc7 12. c4 Rad8 13. Rc1 Rd7 14. Ne5 Rfd8 15. Qf3 Rxd4 16. Qe3 Re4 17. Qc3 a5 18. Rcd1 Bb4 19. Qg3 Nh5 0-1

[Event "UAE-ch"]
[Site "Abu Dhabi"]
[Date "2011.06.27"]
[Round "3"]
[White "Al Marzouqi, Abdulla M"]
[Black "Walid, Anwar"]
[Result "1-0"]
[WhiteElo "1990"]
[BlackElo "1775"]
[PlyCount "41"]
[EventDate "2011.06.25"]
[EventType "swiss"]
[EventRounds "9"]
[EventCountry "UAE"]
[SourceTitle "CBM 143 Extra"]
[Source "ChessBase"]
[SourceDate "2011.08.29"]
[SourceVersion "1"]
[SourceVersionDate "2011.08.29"]
[SourceQuality "1"]

1. e4 Nf6 2. Nc3 d5 3. exd5 Nxd5 4. Bc4 e6 5. Qf3 Nb4 6. Bb3 N8c6 7. Nge2 Be7 8. a3 Na6 9. Ba4 Bd7 10. b4 Nab8 11. 0-0 0-0 12. d4 Bf6 13. Be3 Qc8 14. Ne4 Be7 15. Bb3 e5 16. Qg3 Bg4 17. f3 exd4 18. Nxd4 Bh5 19. Nb5 Bd8 20. Rad1 Nd7 21. Qh3 1-0